Cómo mejorar la comprensión lectora: estrategias para lograr lectores competentes

-д хадгалсан:
Номзүйн дэлгэрэнгүй
Үндсэн зохиолч: Calero Guisado, Andrés (Зохиогч)
Формат: Ном
Хэл сонгох:испани
Хэвлэсэн: Madrid Wolters Kluwer 2012
Хэвлэл:2a. ed
Цуврал:Educación
Нөхцлүүд:
Шошгууд: Шошго нэмэх
Шошго байхгүй, Энэхүү баримтыг шошголох эхний хүн болох!

MARC

LEADER 00000cam a2200000 a 4500
001 UCF4872
003 CL-VaPUC
008 130103e20120600SP |||||||||||||||||spa|d
020 |a 9788499870632 
082 0 4 |a 372.42  |b CAL  |2 21 
100 0 |a Calero Guisado, Andrés  |e author  |9 566562 
245 1 0 |a Cómo mejorar la comprensión lectora: estrategias para lograr lectores competentes 
250 |a 2a. ed 
300 |a 358 p 
942 |c BK 
945 |d 20130103 00:00:00  |a dcastane 
260 |a Madrid  |b Wolters Kluwer  |c 2012 
650 0 |a Educación lingüística  |9 306506 
650 0 |a Enseñanza de la lectura  |9 308364 
650 0 |a Métodos de enseñanza  |9 270413 
650 0 |a Desarrollo cognitivo  |9 311398 
650 0 |a Psicolingüística   |9 283371 
650 0 |a Adquisición del lenguaje   |9 309032 
583 |a last modification  |c 20130103 11:06:00  |k Rodrigo Vera 
490 0 |a Educación 
999 |c 350559  |d 350557 
952 |0 0  |1 0  |4 0  |6 372_420000000000000_CAL_2012  |7 0  |8 R  |9 453986  |a BIBEDU  |b BIBEDU  |c MCIRC  |d 2019-11-22  |i 4937694  |l 7  |m 1  |o 372.42 CAL 2012  |p 4937694  |r 2024-07-04  |s 2024-07-01  |w 2019-11-22  |y BK_R  |k EPE